Componentes principales generalizadas: análisis en dos poblaciones multivariantes

Gespeichert in:
Bibliographische Detailangaben
1. Verfasser: Gómez Ticerán, Doris (VerfasserIn)
Format: Buch
Sprache:Spanisch
Veröffentlicht: Lima Universidad Nacional de San Marcos 2002
Schriftenreihe:Serie Ciencias Básicas
Schlagworte:
Tags: Tag hinzufügen
Keine Tags, Fügen Sie den ersten Tag hinzu!

MARC

LEADER 00000nam a2200000 a 4500
001 UCL6957
003 CL-VaPUC
008 040423e20020000PE |||||||||||||||||spa|d
020 |a 9972461866 
082 0 4 |a 512.2  |b GOM  |2 21 
100 0 |a Gómez Ticerán, Doris  |e author  |9 484618 
245 1 0 |a Componentes principales generalizadas: análisis en dos poblaciones multivariantes 
300 |a 89 p 
942 |c BK 
945 |d 20040423 00:00:00  |a cmena 
260 |a Lima  |b Universidad Nacional de San Marcos  |c 2002 
650 0 |a Álgebra  |9 259567 
650 7 |a TEORIA ALGEBRAICA  |2 CL-VaPUC  |9 345702 
650 0 |a Estadística matemática  |9 260028 
583 |a last modification  |c 20040423 00:00:00  |k Rodrigo Vera 
490 0 |a Serie Ciencias Básicas 
999 |c 308833  |d 308831 
952 |0 0  |1 0  |4 0  |6 512_200000000000000_GOM_2002  |7 0  |8 A  |9 375712  |a BIBMAT  |b BIBMAT  |d 2019-11-21  |i 4008081  |o 512.2 GOM 2002  |p 4008081  |r 2025-01-07  |w 2019-11-21  |y BK  |k MAT